| 000 -LEADER | |
|---|---|
| fixed length control field | 01177nam a2200277Ia 4500 |
| 008 - FIXED-LENGTH DATA ELEMENTS--GENERAL INFORMATION | |
| fixed length control field | 191130s2002##################000#0#eng## |
| 020 ## - INTERNATIONAL STANDARD BOOK NUMBER | |
| ISBN | 9783110175592 |
| 082 ## - DEWEY DECIMAL CLASSIFICATION NUMBER | |
| Classification number | 229.406 VON |
| 100 ## - MAIN ENTRY--AUTHOR NAME | |
| Personal name | Egger-Wenzel, Renate |
| 245 ## - TITLE STATEMENT | |
| Title | Ben Sira's God : proceedings of the international Ben Sira conference, Durham, Upshaw college 2001 |
| Statement of responsibility, etc | herausgegeben von Renate Egger-Wenzel |
| 260 ## - PUBLICATION, DISTRIBUTION, ETC. (IMPRINT) | |
| Place of publication | Berlin ; New York |
| Name of publisher | De Gruyter |
| Year of publication | 2002 |
| 300 ## - PHYSICAL DESCRIPTION | |
| Number of Pages | viii, 393 p. ; 24 cm. |
| 500 ## - GENERAL NOTE | |
| General note | Includes bibliographical references and index. Articles in English and German |
| 650 ## - SUBJECT ADDED ENTRY--TOPICAL TERM | |
| Topical Term | Ben-Sira, Simeon ben Jesus, 2e siècle av. J.-C. - Congrès |
| Topical Term | Ben-Sira, Simeon ben Jesus, 2nd cent. B.C. - Congresses |
| Topical Term | Bible. A.T. Ecclésiastique - Critique, interprétation, etc |
| Topical Term | Bible. O.T. Apocrypha. Ecclesiasticus - Criticism, interpretation, etc. - Congresses |
| Topical Term | Dieu - Enseignement biblique - Congrès |
| Topical Term | Dieu - Sagesse |
| 710 ## - ADDED ENTRY--CORPORATE NAME | |
| Corporate name or jurisdiction name as entry element | International Ben Sira Conference (2001 : Durham, England) |
| 991 ## - | |
| -- | 91361 |
| Withdrawn status | Lost status | Damaged status | Not for loan | Home library | Current library | Shelving location | Date acquired | Full call number | Accession Number | Price effective from | Koha item type |
|---|---|---|---|---|---|---|---|---|---|---|---|
| Anna Centenary Library | Anna Centenary Library | 3RD FLOOR, B WING | 12.10.2020 | 229.406 VON | 388634 | 12.10.2020 | English Books |